书目信息 |
| 题名: |
天赋与成才
|
|
| 作者: | 伯杰 , Berger 著 ;徐沅玲 , 王小婴 译 | |
| 分册: | ||
| 出版信息: | 北京 中国农业机械出版社 1982 |
|
| 页数: | 65页 | |
| 开本: | 19cm | |
| 丛书名: | ||
| 单 册: | ||
| 中图分类: | G763 , G610 | |
| 科图分类: | ||
| 主题词: | 早慧儿童--儿童教育 , 早慧儿童 , 儿童教育 , 教育--各级 | |
| 电子资源: | ||
| ISBN: | ||
| 000 | 00899nam0 2200325 450 | |
| 001 | 1554214609 | |
| 005 | 20150128150426.90 | |
| 010 | @dCNY0.21 | |
| 091 | @a7216.48 | |
| 100 | @a19960816d1982 em y0chiy0110 ea | |
| 101 | 1 | @achi@ceng |
| 102 | @aCN@b110000 | |
| 105 | @ay z 000yy | |
| 200 | 1 | @a天赋与成才@9tian fu yu cheng cai@f(美)伯杰(Berger,G.)著@g徐沅玲,王小婴译 |
| 210 | @a北京@c中国农业机械出版社@d1982 | |
| 215 | @a65页@d19cm | |
| 300 | @a书名原文:The giyted and talented | |
| 510 | 1 | @aThe giyted and talented@zeng |
| 606 | 0 | @a早慧儿童@x儿童教育 |
| 606 | 0 | @a早慧儿童 |
| 606 | 0 | @a儿童教育 |
| 606 | 0 | @a教育@x各级 |
| 690 | @aG763@v5 | |
| 690 | @aG610@v4 | |
| 701 | 1 | @a伯杰@9bo jie@bG.@4著 |
| 701 | 1 | @aBerger@bG.@4著 |
| 702 | 0 | @a徐沅玲@9xu yuan ling@4译 |
| 702 | 0 | @a王小婴@9wang xiao ying@4译 |
| 801 | 0 | @aCN@bTSSF@c20150128 |
| 905 | @aZUCC@dG610@eJY60 | |
| 天赋与成才/(美)伯杰(Berger,G.)著/徐沅玲,王小婴译.-北京:中国农业机械出版社,1982 |
| 65页;19cm |
| 书名原文:The giyted and talented |
| ISBN :CNY0.21 |
| ● |
| 相关链接 |
|
|
|
|
正题名:天赋与成才
索取号:G610/JY60
 
预约/预借
| 序号 | 登录号 | 条形码 | 馆藏地/架位号 | 状态 | 备注 |
| 1 | 7837388 | 278373886 | 学院路分馆/ [索取号:G610/JY60] | 在馆 |